000 00462nam a2200133Ia 4500
005 20260209120145.0
008 260209s9999||||xx |||||||||||||| ||und||
100 _aShahista Khan
245 4 _aThe curious tale of big data and the merger control regime
260 _aBangaloreBangalore
_bNLSIU, Bangalore
_c2021
300 _a23 p. ; 25 cm.
700 _aProf. Rahul Singh - GuideProf. Rahul Singh - Guide
856 _uhttps://dans.nls.ac.in/handle/123456789/920
999 _c217521
_d217521